000 00384nam a2200157Ia 4500
003 OSt
005 20240119150314.0
008 170523s9999 xx 000 0 und d
020 _a9350244748
040 _ciimt university meerut
100 _aASHWATHAPPA- K
245 0 _aESSENTIAL OF BUSINESS ENVIRONMENT
260 _bBOMBAY HIMALAYA PUBLICATION
260 _c1998
942 _2ddc
_c02
999 _c16
_d16